MARC details
| 000 -CABECERA |
| campo de control de longitud fija |
02464nab a2200289 a 4500 |
| 005 - FECHA Y HORA DE LA ÚLTIMA TRANSACCIÓN |
| campo de control |
20250303092908.0 |
| 008 - ELEMENTOS DE LONGITUD FIJA--INFORMACIÓN GENERAL |
| campo de control de longitud fija |
991125c2017 sp qr p o 000 0 spa d |
| 035 ## - NÚMERO DE CONTROL DEL SISTEMA |
| Número de control de sistema |
UPN01000220360 |
| 040 ## - FUENTE DE LA CATALOGACIÓN |
| Centro catalogador/agencia de origen |
UPN |
| Lengua de catalogación |
spa |
| Centro/agencia transcriptor |
UPN |
| Normas de descripción |
aacr2 |
| 049 ## - COLECCIÓN |
| Colección |
ART-E |
| 100 1# - ASIENTO PRINCIPAL--NOMBRE PERSONAL |
| Nombre de persona |
García Prieto, Francisco Javier |
| Enlace |
- fjavier.garcia@dedu.uhu.es |
| 100 1# - ASIENTO PRINCIPAL--NOMBRE PERSONAL |
| Nombre de persona |
Pozuelos Estrada, Francisco José |
| 245 13 - MENCIÓN DE TÍTULO |
| Título |
El currículum integrado: los proyectos de trabajo como propuesta global para una escuela rural alternativa |
| Medio |
[recurso electrónico en línea] |
| 506 0# - NOTA DE RESTRICCIONES AL ACCESO |
| Limitaciones de acceso |
Acceso abierto |
| 520 3# - NOTA DE RESUMEN, ETC. |
| Sumario, etc. |
El currículum integrado en las escuelas rurales supone una oferta global que transciende a la perspectiva metodológica convencionalmente adoptada. Siguiendo las conclusiones obtenidas en investigaciones previas en torno a currículum, práctica docente y materiales curriculares, se plantea el presente estudio organizado en fases, cuyo propósito fundamental es conocer experiencias que innovan los procesos en la escuela rural, en concreto, estudios de caso de dos centros andaluces que desarrollan proyectos de trabajo. Se identifican aquellos elementos que promueven el cambio en la acción cotidiana a partir de datos obtenidos con distintas fuentes de naturaleza cualitativa. Esta información se sistematiza en unidades de análisis o categorías. Entre los resultados destaca la dificultad que engloba adoptar un modelo curricular alternativo, comprobándose que no existe un patrón uniforme aunque se evidencien algunas referencias como la implicación del profesorado; la apertura al medio; la presión del cambio por factores eficientistas y de resultados cortoplacistas; y, la evolución progresiva no radical de la innovación. Algunas conclusiones indican que el desarrollo de una escuela rural transformadora, comunitaria y participativa, no solo tiene en cuenta los aspectos académicos, también se relaciona con el compromiso social, cultural y de calidad de vida del entorno. |
| 650 #4 - ASIENTO SECUNDARIO DE MATERIA - TERMINO TEMATICO |
| 9 (RLIN) |
11019 |
| Término de materia o nombre geográfico como elemento de entrada |
Escuelas rurales |
| 650 #4 - ASIENTO SECUNDARIO DE MATERIA - TERMINO TEMATICO |
| 9 (RLIN) |
386 |
| Término de materia o nombre geográfico como elemento de entrada |
Innovaciones educativas |
| 653 0# - TERMINO DE INDIZACION - NO CONTROLADO |
| Término no controlado |
Curriculum integrado |
| 653 0# - TERMINO DE INDIZACION - NO CONTROLADO |
| Término no controlado |
Aprendizaje colaborativo |
| 653 0# - TERMINO DE INDIZACION - NO CONTROLADO |
| Término no controlado |
Proyectos de trabajo |
| 773 ## - ENLACE AL DOCUMENTO FUENTE/ENTRADA DE REGISTRO ANFITRIÓN |
| Parte(s) relacionada(s) |
Vol. 45 Núm. 1 (2017), p. 7-14 |
| Título |
Aula abierta (España) |
| Número Internacional Normalizado para Publicaciones Seriadas |
0210-2773 |
| 856 4# - LOCALIZACIÓN Y ACCESO ELECTRÓNICOS |
| Identificador Uniforme del Recurso |
<a href="https://reunido.uniovi.es/index.php/AA/article/view/11558">https://reunido.uniovi.es/index.php/AA/article/view/11558</a> |
| 856 4# - LOCALIZACIÓN Y ACCESO ELECTRÓNICOS |
| Identificador Uniforme del Recurso |
<a href="https://doi.org/10.17811/rifie.45.1.2017.7-14">https://doi.org/10.17811/rifie.45.1.2017.7-14</a> |
| 902 ## - ELEMENTOS DE DATOS B LOCAL, LDB (RLIN) |
| Creó |
Gloria Jiménez/0624 |
| 905 ## - TIPO DE MATERIAL |
| Tipo de material |
Articulo |
| 942 ## - ELEMENTOS DE PUNTO DE ACCESO ADICIONAL (KOHA) |
| Tipo de ítem Koha |
Artículo Electrónico |